[Event "Charlesbourg Millenium"]
[Site "Charlesbourg"]
[Date "2014.10.27"]
[Round "4"]
[White "Arteau, Benoit"]
[Black "Plante, Rejean"]
[Result "0-1"]
[WhiteElo "1844"]
[BlackElo "2026"]
[PlyCount "202"]
[EventDate "2014.10.06"]
[EventType "swiss"]
[EventRounds "5"]
[EventCountry "CAN"]
[SourceTitle "EXT 2022"]
[Source "ChessBase"]
[SourceDate "2021.10.06"]
[SourceVersion "1"]
[SourceVersionDate "2021.10.06"]
[SourceQuality "1"]

1. b3 d5 2. Bb2 Nf6 3. e3 Bf5 4. Nf3 e6 5. Bb5+ c6 6. Be2 Be7 7. 0-0 0-0 8. d3 Nbd7 9. Nbd2 h6 10. Nd4 Bh7 11. f4 c5 12. Nb5 a6 13. Na3 b5 14. Nf3 b4 15. Nb1 Qb6 16. Ne5 Nxe5 17. fxe5 Nd7 18. Nd2 Bg5 19. Rf3 Qc7 20. Rg3 Nxe5 21. Kh1 Bg6 22. Bh5 Bxh5 23. Qxh5 Ng6 24. Rf1 d4 25. Ne4 Bxe3 26. Nxc5 Qe7 27. Ne4 Qh4 28. Qxh4 Nxh4 29. Nd6 e5 30. Nc4 Bf4 31. Rh3 Ng6 32. Rhf3 Bg5 33. g3 Bf6 34. h4 a5 35. a4 Ne7 36. Bc1 Nd5 37. Bd2 Ra6 38. Kg2 Kh7 39. Re1 Re8 40. Rf2 Nb6 41. Nd6 Re7 42. Ne4 Nd5 43. Kh3 Rc6 44. Bc1 Rec7 45. Ree2 Bd8 46. g4 f6 47. g5 f5 48. Ng3 f4 49. Ne4 Ne3 50. Bxe3 dxe3 51. Rh2 Rc8 52. Kg4 Bb6 53. h5 Bd4 54. g6+ Kg8 55. Rhg2 Rf8 56. Kf3 Rf5 57. Rh2 Ba7 58. Re1 Bb6 59. Ree2 Kf8 60. Reg2 Ke7 61. Re2 Ke6 62. Rh4 Bd4 63. Rhh2 Bb2 64. Rh4 Bc1 65. Rhh2 Bd2 66. Nxd2 exd2 67. Rxd2 Kd5 68. Rde2 Rg5 69. Reg2 Rf5 70. Re2 Rc3 71. Re4 Rg5 72. Ree2 Rg3+ 73. Kf2 Rc6 74. Kf1 Rf6 75. Rhg2 Rf5 76. Rh2 Rgg5 77. Re4 Rxh5 78. Rxh5 Rxh5 79. Rc4 Rg5 80. Rc8 Rxg6 81. Ra8 Rc6 82. Rxa5+ Kd4 83. Rb5 Rxc2 84. Rxb4+ Kxd3 85. Rb7 e4 86. a5 f3 87. a6 Ra2 88. a7 e3 89. Rd7+ Kc3 90. Rc7+ Kd4 91. Rc4+ Kd3 92. Ra4 Rh2 93. Kg1 Rg2+ 94. Kh1 e2 95. Ra1 e1Q+ 96. Rxe1 Ra2 97. Re7 g5 98. Rh7 g4 99. Rxh6 g3 100. Rd6+ Ke2 101. Re6+ Kf2 0-1

[Event "Charlesbourg Millenium"]
[Site "Charlesbourg"]
[Date "2014.10.20"]
[Round "3"]
[White "Plante, Rejean"]
[Black "Dube, Daniel"]
[Result "1-0"]
[WhiteElo "2026"]
[BlackElo "1806"]
[PlyCount "65"]
[EventDate "2014.10.06"]
[EventType "swiss"]
[EventRounds "5"]
[EventCountry "CAN"]
[SourceTitle "EXT 2022"]
[Source "ChessBase"]
[SourceDate "2021.10.06"]
[SourceVersion "1"]
[SourceVersionDate "2021.10.06"]
[SourceQuality "1"]

1. d4 Nf6 2. c4 e6 3. Nf3 Bb4+ 4. Bd2 Qe7 5. g3 Nc6 6. Bg2 Bxd2+ 7. Nbxd2 e5 8. d5 Nb8 9. e4 d6 10. 0-0 0-0 11. Qc2 a5 12. Nb1 Na6 13. Nc3 Nc5 14. b3 Bd7 15. Rac1 c6 16. dxc6 bxc6 17. Rfe1 Rfd8 18. Nh4 g6 19. Rcd1 Ne6 20. Qd2 Nd4 21. f4 Bg4 22. Rc1 Nh5 23. Qf2 Qe6 24. f5 Qf6 25. h3 Bxh3 26. Bxh3 Qg5 27. Kh2 gxf5 28. Nxf5 Ne6 29. Qe3 d5 30. exd5 cxd5 31. cxd5 Nef4 32. gxf4 exf4 33. Rg1 1-0

[Event "Quebec Montcalm op 1 2014-15"]
[Site "Quebec"]
[Date "2014.09.18"]
[Round "3"]
[White "Boulianne, Gabriel"]
[Black "Plante, Rejean"]
[Result "1-0"]
[WhiteElo "1780"]
[BlackElo "2033"]
[PlyCount "69"]
[EventDate "2014.09.04"]
[EventType "swiss"]
[EventRounds "5"]
[EventCountry "CAN"]
[SourceTitle "EXT 2022"]
[Source "ChessBase"]
[SourceDate "2021.10.06"]
[SourceVersion "1"]
[SourceVersionDate "2021.10.06"]
[SourceQuality "1"]

1. e4 d6 2. Nf3 g6 3. Be2 Bg7 4. 0-0 c5 5. c3 Nf6 6. d3 Nc6 7. h3 0-0 8. Be3 b5 9. Nbd2 Nd7 10. d4 Rb8 11. dxc5 dxc5 12. Nb3 c4 13. Nbd4 Na5 14. b4 cxb3 15. axb3 e5 16. Nxb5 a6 17. b4 axb5 18. Rxa5 Qc7 19. Qa1 Bb7 20. Nd2 Bc6 21. f3 Rfc8 22. Nb3 Bf8 23. Rc1 f5 24. c4 Qd8 25. cxb5 Bb7 26. Bc4+ Kh8 27. exf5 gxf5 28. Nc5 Nxc5 29. bxc5 Qf6 30. c6 Ba8 31. Rd1 Bxc6 32. bxc6 Rxc6 33. Be2 f4 34. Bf2 Re6 35. Rd7 1-0

[Event "Quebec Montcalm op 7 2013-14"]
[Site "Quebec"]
[Date "2014.05.08"]
[Round "3"]
[White "Plante, Rejean"]
[Black "Lapierre, Gaetan"]
[Result "1-0"]
[WhiteElo "1977"]
[BlackElo "1929"]
[PlyCount "109"]
[EventDate "2014.04.24"]
[EventType "swiss"]
[EventRounds "5"]
[EventCountry "CAN"]
[SourceTitle "EXT 2022"]
[Source "ChessBase"]
[SourceDate "2021.10.06"]
[SourceVersion "1"]
[SourceVersionDate "2021.10.06"]
[SourceQuality "1"]

1. d4 Nf6 2. c4 e5 3. dxe5 Ng4 4. Nf3 Bb4+ 5. Nbd2 Nc6 6. a3 Be7 7. g3 Ngxe5 8. Bg2 0-0 9. 0-0 a5 10. b3 d6 11. Bb2 Bf6 12. Qc2 Nxf3+ 13. Nxf3 Bg4 14. Rad1 Bxb2 15. Qxb2 Qe7 16. Rfe1 Rae8 17. h3 Bc8 18. Qd2 f5 19. h4 h6 20. e3 Kh8 21. Nd4 Nxd4 22. exd4 Qf6 23. Rxe8 Rxe8 24. Qxa5 f4 25. Qh5 Rf8 26. Qf3 fxg3 27. Qxf6 Rxf6 28. fxg3 Rg6 29. Rd3 c6 30. Re3 Bf5 31. d5 c5 32. Kh2 Bc2 33. b4 b6 34. Be4 Bxe4 35. Rxe4 Rf6 36. bxc5 dxc5 37. Re8+ Kh7 38. Kg2 Kg6 39. a4 h5 40. Rc8 Kf5 41. Kf3 Ke5+ 42. Ke3 Rg6 43. Re8+ Kd6 44. Kf3 Rf6+ 45. Kg2 Kd7 46. Rh8 g6 47. Ra8 Kc7 48. Ra7+ Kd6 49. a5 Ke5 50. a6 Kd4 51. Rb7 b5 52. cxb5 Rf8 53. a7 Ra8 54. b6 Kxd5 55. Rb8 1-0

[Event "Quebec Montcalm op 3 2013-14"]
[Site "Quebec"]
[Date "2013.11.28"]
[Round "3"]
[White "Plante, Rejean"]
[Black "Cummins, Paul"]
[Result "1-0"]
[WhiteElo "2011"]
[BlackElo "1805"]
[PlyCount "71"]
[EventDate "2013.11.14"]
[EventType "swiss"]
[EventRounds "5"]
[EventCountry "CAN"]
[SourceTitle "EXT 2022"]
[Source "ChessBase"]
[SourceDate "2021.10.06"]
[SourceVersion "1"]
[SourceVersionDate "2021.10.06"]
[SourceQuality "1"]

1. e4 e5 2. Nf3 Nc6 3. Bb5 a6 4. Ba4 Nf6 5. d3 b5 6. Bb3 Bc5 7. 0-0 d6 8. c3 Bg4 9. Re1 h6 10. Nbd2 0-0 11. Nf1 a5 12. Be3 Ba7 13. a4 b4 14. Bxa7 Rxa7 15. Ne3 Bd7 16. h3 bxc3 17. bxc3 Ne7 18. Nh4 Kh7 19. Qf3 Ng6 20. Nhf5 Nf4 21. d4 Ng6 22. h4 exd4 23. cxd4 Bc6 24. Bc2 d5 25. h5 Nxe4 26. Nxd5 Ng5 27. Qg3 Bxd5 28. hxg6+ fxg6 29. Nh4 Bf7 30. f4 Qxd4+ 31. Kh2 Ra6 32. fxg5 hxg5 33. Nf3 Qb2 34. Nxg5+ Kg8 35. Qh3 Rd8 36. Nxf7 1-0

[Event "Charlesbourg Alekhine"]
[Site "Charlesbourg"]
[Date "2013.09.30"]
[Round "5"]
[White "Lessard, Claude"]
[Black "Plante, Rejean"]
[Result "1-0"]
[WhiteElo "2136"]
[BlackElo "1989"]
[PlyCount "91"]
[EventDate "2013.09.02"]
[EventType "swiss"]
[EventRounds "5"]
[EventCountry "CAN"]
[SourceTitle "EXT 2022"]
[Source "ChessBase"]
[SourceDate "2021.10.06"]
[SourceVersion "1"]
[SourceVersionDate "2021.10.06"]
[SourceQuality "1"]

1. Nf3 d5 2. c4 c6 3. g3 Nf6 4. d4 h6 5. Nc3 Bf5 6. cxd5 Nxd5 7. Qb3 Qb6 8. Nxd5 Qxb3 9. Nc7+ Kd8 10. axb3 Kxc7 11. Bf4+ Kc8 12. Ne5 Be6 13. Bg2 g5 14. Bd2 Bg7 15. b4 Bxe5 16. dxe5 Bc4 17. Rc1 Bb5 18. h4 g4 19. h5 Nd7 20. e6 fxe6 21. Rh4 Nf6 22. e4 e5 23. Bc3 Rg8 24. Bxe5 Rg5 25. Bf4 Rxh5 26. Rxh5 Nxh5 27. Bxh6 Kd7 28. Rc5 Nf6 29. f4 gxf3 30. Bxf3 Rg8 31. Bf4 e6 32. Kd2 Ke7 33. Rc1 Rd8+ 34. Ke3 Rd3+ 35. Kf2 Rb3 36. Be5 Rxb4 37. Ke3 Ra4 38. Rh1 c5 39. Rh6 Nd7 40. Rh7+ Kd8 41. Bd6 Nb6 42. Bxc5 Nc4+ 43. Kf4 e5+ 44. Kg5 Nd2 45. Be7+ Kc8 46. Bg4+ 1-0

[Event "Quebec Montcalm op 1 2013-14"]
[Site "Quebec"]
[Date "2013.09.19"]
[Round "3"]
[White "Plante, Rejean"]
[Black "Bluteau, Yvon"]
[Result "1-0"]
[WhiteElo "1989"]
[BlackElo "1827"]
[PlyCount "83"]
[EventDate "2013.09.05"]
[EventType "swiss"]
[EventRounds "5"]
[EventCountry "CAN"]
[SourceTitle "EXT 2022"]
[Source "ChessBase"]
[SourceDate "2021.10.06"]
[SourceVersion "1"]
[SourceVersionDate "2021.10.06"]
[SourceQuality "1"]

1. d4 Nf6 2. c4 e6 3. Nf3 b6 4. g3 Bb7 5. Bg2 Be7 6. 0-0 0-0 7. b3 h6 8. Bb2 d6 9. a3 Nbd7 10. Nbd2 c5 11. Re1 Qc7 12. e4 Rfd8 13. d5 e5 14. Nf1 Nf8 15. Nh4 Ng6 16. Nf5 Bc8 17. h4 Bf8 18. h5 Ne7 19. N5e3 g6 20. hxg6 fxg6 21. f4 exf4 22. gxf4 Bg7 23. Bf3 Ng4 24. Bxg7 Nxe3 25. Nxe3 Kxg7 26. Qd2 Ng8 27. Qb2+ Kf8 28. e5 Qg7 29. Qh2 Bf5 30. Rad1 Ne7 31. Qg3 Rab8 32. Ng4 Bxg4 33. Bxg4 Nf5 34. Bxf5 gxf5 35. Qxg7+ Kxg7 36. exd6 h5 37. Re2 Rxd6 38. Re7+ Kh6 39. Rf7 Kg6 40. Rxa7 Kf6 41. Rh7 b5 42. Rh6+ 1-0